000 00488 a2200181 4500
005 20250501150409.0
008 250423b |||||||| |||| 00| 0 eng d
020 _a9789359779416
_cRs. 2995.00
040 _aMAIN
082 _a158.7
_bS13I
100 _aSiddiqui, Zulfiqar Ullah
245 _aIndustrial and organizational psychology
260 _bThe Readers Paradise
_c2024
_aNew Delhi
300 _a405
650 _aPsychology
650 _aIndustrial Psychology
942 _cBK
999 _c360058
_d360058